Zima v Tatrách hudební obraz z filmu "Anděl na horách" /

Hlavní autor: Vačkář, Dalibor C., 1906-1984
Jazyk: Nelze použít, není lingvistický obsah
Vydáno: Praha : Český rozhlas, 2010
Vydání: 1. vyd.
Témata:
Fyzický popis: 1 partitura (43 s.) ; 30 cm
Language note: Životopis, informace o skladbě česky a anglicky
Hudebniny Hudebniny
Uloženo v:
LEADER 01941ncm a2200541 a 4500
001 nkc20102121744
003 CZ PrNK
005 20130109145126.0
007 qu
008 100826s2010 xr mpa g e nn zxx
015 |a cnb002121744 
024 2 |a 979-0-66061-157-9  |q (brož.) 
028 2 1 |a R 193  |b Český rozhlas 
040 |a OLA001  |b cze 
041 0 |g cze  |g eng 
043 |a e-xr--- 
045 |a x-x- 
048 |a oa01 
072 7 |a 785  |x Instrumentální hudba. Symfonická hudba. Hudba pro více nástrojů  |2 Konspekt  |9 9 
080 |a 78:791.636  |2 MRF 
080 |a 78.089.6  |2 MRF 
100 1 |a Vačkář, Dalibor C.,  |d 1906-1984  |7 jz8001348  |4 cmp 
245 1 0 |a Zima v Tatrách  |h [hudebnina] :  |b hudební obraz z filmu "Anděl na horách" /  |c Dalibor C. Vačkář 
246 1 |i Souběžný obálkový název:  |a Winter in Tatras :  |b the music for the film Andel in the mountains 
246 3 0 |a Anděl na horách 
250 |a 1. vyd. 
254 |a Partitura 
260 |a Praha :  |b Český rozhlas,  |c 2010 
300 |a 1 partitura (43 s.) ;  |c 30 cm 
306 |a 000700 
382 0 1 |a symfonický orchestr 
500 |a Durata cca 7' 
546 |a Životopis, informace o skladbě česky a anglicky 
648 4 |a 1954 
648 7 |a 20. století  |7 ch460558  |2 czenas 
650 0 7 |a filmová hudba  |7 ph120185  |z Česko  |y 20. století  |2 czenas 
650 0 9 |a film music  |z Czechia  |y 20th century  |2 eczenas 
655 7 |a filmová hudba  |7 fd1023757  |2 czenas 
655 7 |a partitury  |7 fd185981  |2 czenas 
655 9 |a film music  |2 eczenas 
655 9 |a scores  |2 eczenas 
910 2 |a BOA001  |b Mus4-1263.873 
990 |a MU 
995 |a 01 
991 |b 201105  |c NOV 
925 |a symfonický orchestr  |b orch sinf 
996 6 |b 2610466560  |c Mus4-1263.873  |l MZK  |r Sklad / do 1 hodiny  |n 0  |p p.v.  |w 001180710  |u 000010  |a 1  |e BOA001  |j MZK50  |s P 
996 7 |b 2610479680  |c Mus4-1263.873  |l MZK  |r Sklad / do 1 hodiny  |n 0  |p kup  |w 001180710  |u 000020  |a 1  |e BOA001  |j MZK50  |s A